Państwa Ameryki Południowej z Mapą - Statystyki

Ogólne statystyki
  • Ten quiz został rozwiązany 231 razy
  • Średni wynik to 7 z 12
Odpowiedzi na mapie
Odpowiedzi zakodowano w zielono-czerwonej skali na mapie do tego quizu, zgodnie z poniższymi procentami.
 
Statystyki odpowiedzi
Odpowiedź % Poprawnych
Brazylia
89%
Argentyna
70%
Chile
70%
Peru
65%
Boliwia
56%
Ekwador
56%
Kolumbia
56%
Paragwaj
55%
Wenezuela
55%
Urugwaj
54%
Suriname
50%
Gujana
49%
Nie znaleziono quizów pasujących do podanych kryteriów
Rozkład punktacji
Procent ludzi z każdym wynikiem
Percentyl według liczby udzielonych odpowiedzi
Twoja historia wyników
Nie rozwiązałeś tego quizu